<?xml version="1.0" encoding="UTF-8"?>
<collection xmlns="http://www.loc.gov/MARC21/slim">
 <record>
  <leader>01673nam a2200217Ia 4500</leader>
  <controlfield tag="001">CTU_154785</controlfield>
  <controlfield tag="008">210402s9999    xx            000 0 und d</controlfield>
  <datafield tag="020" ind1=" " ind2=" ">
   <subfield code="c">279000</subfield>
  </datafield>
  <datafield tag="082" ind1=" " ind2=" ">
   <subfield code="a">658.409019</subfield>
  </datafield>
  <datafield tag="082" ind1=" " ind2=" ">
   <subfield code="b">G625</subfield>
  </datafield>
  <datafield tag="100" ind1=" " ind2=" ">
   <subfield code="a">Goleman, Daniel</subfield>
  </datafield>
  <datafield tag="245" ind1=" " ind2="0">
   <subfield code="a">Working with emotional intelligence</subfield>
  </datafield>
  <datafield tag="245" ind1=" " ind2="0">
   <subfield code="c">Daniel Goleman</subfield>
  </datafield>
  <datafield tag="260" ind1=" " ind2=" ">
   <subfield code="a">New York</subfield>
  </datafield>
  <datafield tag="260" ind1=" " ind2=" ">
   <subfield code="b">Bantam Books</subfield>
  </datafield>
  <datafield tag="260" ind1=" " ind2=" ">
   <subfield code="c">2006</subfield>
  </datafield>
  <datafield tag="520" ind1=" " ind2=" ">
   <subfield code="a">Working With Emotional Intelligence takes the concepts from Daniel Goleman's bestseller, Emotional Intelligence, into the workplace. Business leaders and outstanding performers are not defined by their IQs or even their job skills, but by their &quot;emotional intelligence&quot;: a set of competencies that distinguishes how people manage feelings, interact, and communicate. Analyses done by dozens of experts in 500 corporations, government agencies, and nonprofit organizations worldwide conclude that emotional intelligence is the barometer of excellence on virtually any job. This book explains what emotional intelligence is and why it counts more than IQ or expertise for excelling on the job. It details 12 personal competencies based on self-mastery (such as accurate self-assessment, self-control, initiative, and optimism) and 13 key relationship skills (such as service orientation, developing others, conflict management, and building bonds). Goleman includes many examples and anecdotes--from Fortune 500 companies to a nonprofit preschool--that show how these competencies lead to or thwart success.</subfield>
  </datafield>
  <datafield tag="650" ind1=" " ind2=" ">
   <subfield code="a">Executive ability,Management</subfield>
  </datafield>
  <datafield tag="650" ind1=" " ind2=" ">
   <subfield code="x">Psychological aspects</subfield>
  </datafield>
  <datafield tag="904" ind1=" " ind2=" ">
   <subfield code="i">Năm</subfield>
  </datafield>
  <datafield tag="980" ind1=" " ind2=" ">
   <subfield code="a">Trung tâm Học liệu Trường Đại học Cần Thơ</subfield>
  </datafield>
 </record>
</collection>
